| 000 | 01046aam a2200325 a 4500 | ||
|---|---|---|---|
| 001 | 014894181 | ||
| 003 | OSt | ||
| 005 | 20150323123110.0 | ||
| 008 | 081017s2009 enkae b 001 0 eng | ||
| 020 | _a9780415441230 (hbk.) | ||
| 020 | _a0415441234 (hbk.) | ||
| 020 | _a9780415441247 (pbk.) | ||
| 020 | _a0415441242 (pbk.) | ||
| 020 | _a9780203879160 (ebk.) | ||
| 020 | _a0203879163 (ebk.) | ||
| 040 |
_aStDuBDS _beng _cStDuBDS _dUk _dEG-ScBUE |
||
| 082 | 0 | 0 |
_a690.24 _bGOR _222 |
| 100 | 1 | _aGorse, Christopher. | |
| 245 | 1 | 0 |
_aRefurbishment and upgrading of buildings / _cChristopher Gorse and David Highfield. |
| 250 | _a2nd ed. | ||
| 260 |
_aNew York ; _aLondon : _bSpon Press, _c2009. |
||
| 300 |
_a263 p. : _bill. ; _c26 cm. |
||
| 500 | _a"First edition published 2000 by E & FN Spon." | ||
| 504 | _aIncludes bibliographical references and index. | ||
| 650 | 0 |
_aBuildings _xRepair and reconstruction. |
|
| 653 |
_bENGARC _cMarch2015 |
||
| 655 |
_vreading book _934232 |
||
| 700 | 1 | _aHighfield, David. | |
| 942 |
_2ddc _k690.24 GOR |
||
| 999 |
_c19100 _d19072 |
||